000 00434cam a22001217a 4500
008 180718b1978 xxu||||| |||| 00| 0 eng d
082 _aA81x54 In2/71/27/Pt10C
100 _aCensus of India 1971
245 _aDelhi district census handbook: departmental statistics and full count census tables
260 _aDelhi
_bThe Controller of Publications
_c1978
300 _a229+p.
440 _aCensus of India 1971. Series-27, Delhi. Part X-C
999 _c485583
_d485583